00550nam a2200157 a 450000100100000000500170001000800410002702000150006804000250008308200140010810000240012224501540014626000490030030000210034970000220037000003632420200930075652.0120113s2000 xxuac 000 0 spa d a1558852530 aDO-SdBNPbspacBNPHU axxxbK1631 aKanellos, Nicolás10aHispanic periodicals in the United States, origins to 1960 :ba brief history and comprehensive bibliography /cNicolás Kanellos, Helvetia Martell. aHouston, Texas :bArte Publico Press,c2000. a359 p. ;c24 cm.1 aMartell, Helvetia